| 000 | 00737nam a2200229 a 4500 | ||
|---|---|---|---|
| 001 | 000021607 | ||
| 003 | DO-SdBNP | ||
| 005 | 20240412074250.0 | ||
| 007 | ta | ||
| 008 | 100909t1971 dr 000 0dspa d | ||
| 040 |
_aDO-SdBNP _bspa _cBNPHU |
||
| 082 | 4 |
_a928.61 _bS197t _222 |
|
| 100 | 1 |
_aSanabia, Rafael Emilio _926438 |
|
| 245 | 1 | 0 |
_aTestamento literario : _bal margen de la trayectoria de mi vida / _cRafael Emilio Sanabia. |
| 260 |
_aSanto Domingo : _bArte y Cine, _c1971. |
||
| 300 |
_a40 p. ; _c21 cm. |
||
| 590 | _aInventariado, 2020/BT | ||
| 600 | 1 | 4 |
_aSanabia, Rafael Emilio _xCorrespondencias, memorias, etc. _982154 |
| 650 | 0 |
_aLiteratura dominicana. _967 |
|
| 910 | _aValidado. Control de calidad EMS | ||
| 942 |
_2ddc _cLF2 |
||
| 999 |
_c21106 _d21106 |
||